Manavanamavali (Record no. 27468)

000 -LEADER
fixed length control field 00348nam a22001451a 4500
020 ## - INTERNATIONAL STANDARD BOOK NUMBER
Terms of availability 0.00
040 ## - CATALOGING SOURCE
Original cataloging agency SSUS - Library - Kalady
082 ## - DEWEY DECIMAL CLASSIFICATION NUMBER
Classification number M 929.4
Item number MAN
245 ## - TITLE STATEMENT
Title Manavanamavali
Medium [Text]
260 ## - PUBLICATION, DISTRIBUTION, ETC.
Place of publication, distribution, etc. Kozhikode
Name of publisher, distributor, etc. Balasahiteeprakasan
Date of publication, distribution, etc. 1992
300 ## - PHYSICAL DESCRIPTION
Extent 50p.
600 ## - SUBJECT ADDED ENTRY--PERSONAL NAME
Personal name Naming
852 ## - LOCATION
-- 6.00
--
942 ## - ADDED ENTRY ELEMENTS (KOHA)
Koha item type Book
Holdings
Withdrawn status Lost status Damaged status Not for loan Permanent Location Current Location Date acquired Cost, normal purchase price Total Checkouts Full call number Barcode Date last seen Cost, replacement price Price effective from Koha item type
        Sree Sankaracharya University of Sanskrit Sree Sankaracharya University of Sanskrit 08.01.2015 6.00   M 929.4 MAN 032292 08.01.2015 0.00 08.01.2015 Book